000 00590nam a22001817a 4500
003 CEME
005 20210628210634.0
008 210210b xxu||||| |||| 00| 0 eng d
020 _a0-521-65973-6
040 _c.
082 _a671.35 ALT
100 _aAltintas, Yusuf
_980292
245 _aManufacturing automation metal cutting mechanics, machine tool vibration, and cnc design
260 _aNEW YORK
_bCAMBRIDGE UNIVERSITY PRESS
_c2000
300 _a290P
650 _aMACHINING AUTOMATION MACHINE TOOLS-VIBRATION MACHINE TOOLS-NUMERICAL CONTROL CNC DESIGN
_980293
942 _cBK
_2ddc
999 _c585239
_d585239